000 00610nam a2200241Ia 4500
003 OSt
005 20221007071850.0
006 a|||||r|||| 00| 0
007 ta
008 221006b |||||||| |||| 00| 0 eng d
024 _a24,914
037 _cTextual
040 _aFLL
_cFLL
_beng
041 _2eng
_aeng
082 _aZ3,215, M5
100 _aHill Christopher
245 0 _aMaritime law
250 _a2nd
260 _aLondon
_bLloyd's of London Press Ltd. UK
_c1985
300 _axxix,382p
_ccm.
942 _hZ3,215, M5
_cTEXL
_2CC
999 _c1144515
_d1144515